Normal view
MARC view
- Nie, Norman H
Entry Personal Name
001 - CONTROL NUMBER
- control field: 15549
003 - CONTROL NUMBER IDENTIFIER
- control field: OSt
005 - DATE AND TIME OF LATEST TRANSACTION
- control field: 20260206134651.0
008 - FIXED-LENGTH DATA ELEMENTS
- fixed length control field: 260206|| aca||aabn | a|a d
040 ## - CATALOGING SOURCE
- Original cataloging agency: OSt
- Transcribing agency: OSt
100 ## - HEADING--PERSONAL NAME
- Personal name: Nie, Norman H
670 ## - SOURCE DATA FOUND
- Source citation: Work cat.: (OSt)6117: Verba, Sidney. 15548, Participation in America :, c1972.